| 000 | 00577nam a2200181Ia 4500 | ||
|---|---|---|---|
| 003 | GCL | ||
| 008 | 140319s9999 xx 000 0 ara d | ||
| 040 |
_aGCL / _cGCL |
||
| 082 | 0 | 4 |
_a743.45 _bو م |
| 245 | 1 | 0 | _aمحى الدين اللباد :30 عاما من الرسم للاطفال |
| 260 |
_aالقاهرة : _bالهيئة المصرية العامة للكتاب ، _c1989 |
||
| 300 |
_a17 ص ؛ _c28 سم |
||
| 650 | 0 | 4 | _aالاطفال |
| 650 | 0 | 4 | _aالرسم |
| 650 | 0 | 4 | _aالفنون التشكيلية |
| 650 | 0 | 4 | _aرسوم الاطفال |
| 942 |
_2ddc _cBK |
||
| 999 |
_c35016 _d35016 |
||